| 000 | 00565nam a22002177a 4500 | ||
|---|---|---|---|
| 001 | BS2023000610 | ||
| 003 | BR-BrBNA | ||
| 005 | 20231213125224.0 | ||
| 008 | 231213b bl.||||| |||| 00| 0 por d | ||
| 040 |
_aBR-BrBNA _bpor |
||
| 041 | _apor | ||
| 072 | _aS85 | ||
| 100 |
_4aut. _aClark, Mary Higgins |
||
| 245 |
_aEnquanto minha querida dorme / _cMary Higgins Clark |
||
| 260 |
_aRio de Janeiro, RJ : _bRocco, _c1989. |
||
| 300 | _a218 p. | ||
| 650 | _aROMANCE ESTADUNIDENSE | ||
| 909 |
_a202312 _bAna Lívia |
||
| 942 | _cBK | ||
| 999 |
_c259990 _d259990 |
||